<?xml version="1.0" encoding="UTF-8"?>
<record
    xmlns:xsi="http://www.w3.org/2001/XMLSchema-instance"
    xsi:schemaLocation="http://www.loc.gov/MARC21/slim http://www.loc.gov/standards/marcxml/schema/MARC21slim.xsd"
    xmlns="http://www.loc.gov/MARC21/slim">

  <leader>00805cam a22002411  4500</leader>
  <controlfield tag="001">sa 66001450 </controlfield>
  <controlfield tag="003">DLC</controlfield>
  <controlfield tag="005">20260227112222.0</controlfield>
  <controlfield tag="008">881117s1963    ii       d    000 0 hino </controlfield>
  <datafield tag="010" ind1=" " ind2=" ">
    <subfield code="a">sa 66001450 </subfield>
  </datafield>
  <datafield tag="035" ind1=" " ind2=" ">
    <subfield code="a">(OCoLC)18775926</subfield>
  </datafield>
  <datafield tag="040" ind1=" " ind2=" ">
    <subfield code="a">DLC</subfield>
    <subfield code="c">NRU</subfield>
    <subfield code="d">DLC</subfield>
  </datafield>
  <datafield tag="050" ind1="0" ind2="0">
    <subfield code="a">PK927.H5</subfield>
    <subfield code="b">S6</subfield>
  </datafield>
  <datafield tag="245" ind1="0" ind2="0">
    <subfield code="a">&#x15A;r&#x12B;ko&#x1E63;a&#x1E25; :</subfield>
    <subfield code="b">Hind&#x12B;-Sa&#x1E43;skr&#x325;ta ko&#x1E63;a.</subfield>
    <subfield code="c">Samp&#x101;daka,  &#x15A;r&#x12B;ked&#x101;ran&#x101;tha &#x15A;arm&#x101;.</subfield>
  </datafield>
  <datafield tag="250" ind1=" " ind2=" ">
    <subfield code="a">[1. sa&#x1E43;skara&#x1E47;a.]</subfield>
  </datafield>
  <datafield tag="260" ind1=" " ind2=" ">
    <subfield code="a">V&#x101;r&#x101;&#x1E47;as&#x12B;,</subfield>
    <subfield code="b">Caukhamb&#x101; Sanskr&#x325;ita S&#x12B;r&#x12B;ja &#x100;fice,</subfield>
    <subfield code="c">[1963]</subfield>
  </datafield>
  <datafield tag="300" ind1=" " ind2=" ">
    <subfield code="a">2, 2, 116 p. ;</subfield>
    <subfield code="c">18 cm.</subfield>
  </datafield>
  <datafield tag="490" ind1="1" ind2=" ">
    <subfield code="a">Haridas Sanskrit series ;</subfield>
    <subfield code="v">127</subfield>
  </datafield>
  <datafield tag="500" ind1=" " ind2=" ">
    <subfield code="a">Hindi and Sanskrit.</subfield>
  </datafield>
  <datafield tag="650" ind1=" " ind2="0">
    <subfield code="a">Hindi language</subfield>
    <subfield code="x">Dictionaries</subfield>
    <subfield code="x">Sanskrit.</subfield>
  </datafield>
  <datafield tag="700" ind1="1" ind2=" ">
    <subfield code="a">&#x15A;arm&#x101;, Ked&#x101;ran&#x101;tha,</subfield>
    <subfield code="d">1914-</subfield>
  </datafield>
  <datafield tag="830" ind1=" " ind2="0">
    <subfield code="a">Harid&#x101;sa Sa&#x1E43;skr&#x325;ta grantham&#x101;l&#x101; ;</subfield>
    <subfield code="v">127.</subfield>
  </datafield>
  <datafield tag="999" ind1=" " ind2=" ">
    <subfield code="c">67821</subfield>
    <subfield code="d">67821</subfield>
  </datafield>
</record>
